[Event "Top16 Mulhouse2"]
[Site "Mulhouse"]
[Date "2009.05.02"]
[Round "6.4"]
[White "Pira, Davoud"]
[Black "Chomet, Pascal"]
[Result "1-0"]
[WhiteElo "2388"]
[BlackElo "2342"]
[PlyCount "66"]
[EventDate "2.??.??"]
[WhiteTeam "Lutèce Echecs"]
[BlackTeam "Bois-Colombes"]

1. d4 Nf6 2. Nf3 g6 3. g3 Bg7 4. Bg2 O-O 5. O-O d6 6. Nc3 Na6 7. e4 c5 8. dxc5
Nxc5 9. Nd4 Ne6 10. Nb3 Rb8 11. Qe2 a6 12. a4 b6 13. Rd1 Nd7 14. Nd5 Ndc5 15.
Nxc5 bxc5 16. c3 a5 17. f4 Nc7 18. Ne3 Ba6 19. Qf2 e6 20. e5 d5 21. Ng4 Bc4 22.
Be3 Na6 23. Rd2 Qe7 24. h4 h5 25. f5 exf5 26. Bg5 Qe6 27. Nh6+ Kh8 28. Bxd5
Bxd5 29. Rxd5 Rfd8 30. Rdd1 Rd5 31. Rxd5 Bf8 32. Qd2 Bxh6 33. Bxh6 f6 1-0

[Event "Top16 Mulhouse2"]
[Site "Mulhouse"]
[Date "2009.05.02"]
[Round "6.5"]
[White "Le Roy, Brice"]
[Black "Babault, Patrice"]
[Result "1/2-1/2"]
[WhiteElo "2307"]
[BlackElo "2348"]
[PlyCount "58"]
[EventDate "2.??.??"]
[WhiteTeam "Bois-Colombes"]
[BlackTeam "Lutèce Echecs"]

1. e4 c5 2. Nf3 e6 3. d4 cxd4 4. Nxd4 Nc6 5. Nxc6 bxc6 6. Bd3 d5 7. O-O Nf6 8.
e5 Nd7 9. Re1 Qc7 10. Bf4 Qb6 11. Nd2 Qxb2 12. Nb3 Qa3 13. c4 Nc5 14. cxd5 exd5
15. Nxc5 Qxc5 16. Rc1 Qb6 17. e6 Bxe6 18. Bf5 Kd7 19. Rxe6 fxe6 20. Bxe6+ Kxe6
21. Qg4+ Ke7 22. Bg5+ Kd6 23. Qf4+ Kd7 24. Qf7+ Kc8 25. Qxd5 Bc5 26. Rxc5 Kb7
27. Qf7+ Qc7 28. Qb3+ Qb6 29. Qf7+ Qc7 1/2-1/2

[Event "Top16 Mulhouse2"]
[Site "Mulhouse"]
[Date "2009.05.02"]
[Round "6.6"]
[White "Carpentier, Pierre"]
[Black "Plane, Boris"]
[Result "1-0"]
[WhiteElo "2235"]
[BlackElo "2160"]
[PlyCount "95"]
[EventDate "2.??.??"]
[WhiteTeam "Lutèce Echecs"]
[BlackTeam "Bois-Colombes"]

1. e4 e5 2. Nc3 d6 3. g3 c6 4. Bg2 Be7 5. d4 Nd7 6. Nf3 Qc7 7. O-O Ngf6 8. b3
O-O 9. Bb2 Re8 10. Re1 Nf8 11. h3 Ng6 12. a4 a5 13. Qd2 Bd7 14. Rad1 Rad8 15.
Ba3 Bc8 16. Qc1 h6 17. Kh2 Nh7 18. d5 Ng5 19. h4 Nxf3+ 20. Bxf3 b5 21. axb5
cxb5 22. Nxb5 Qb6 23. c4 Qxf2+ 24. Bg2 Nxh4 25. gxh4 Bg4 26. Rd3 Qxh4+ 27. Kg1
Bg5 28. Qc3 Bf4 29. Bh3 Rb8 30. Bxg4 Rxb5 31. Bd7 Rxb3 32. Qxb3 Qxe1+ 33. Kg2
Qe2+ 34. Kg1 Bh2+ 35. Kh1 Bf4 36. Kg1 Qe1+ 37. Kg2 Qxe4+ 38. Kf2 Re7 39. Bh3
Rb7 40. Qxb7 Bg3+ 41. Rxg3 Qf4+ 42. Kg2 Qd2+ 43. Kh1 Qd1+ 44. Kh2 Qe2+ 45. Rg2
Qe3 46. Qc8+ Kh7 47. Qf5+ Kg8 48. Bxd6 1-0

[Event "Top16 Mulhouse2"]
[Site "Mulhouse"]
[Date "2009.05.02"]
[Round "6.7"]
[White "Derieux, Christian"]
[Black "Wunderman, Xavier"]
[Result "1-0"]
[WhiteElo "2144"]
[BlackElo "2215"]
[PlyCount "52"]
[EventDate "2.??.??"]
[WhiteTeam "Bois-Colombes"]
[BlackTeam "Lutèce Echecs"]

1. d4 d5 2. c4 c6 3. Nf3 Nf6 4. Nc3 dxc4 5. e4 b5 6. e5 Nd5 7. Ng5 h6 8. Nge4
Bf5 9. g4 Bxe4 10. Nxe4 e6 11. Bg2 Nd7 12. a4 Qa5+ 13. Kf1 Be7 14. h4 O-O-O 15.
Rh3 f6 16. Bd2 b4 17. exf6 gxf6 18. Qe2 N7b6 19. Nc5 e5 20. Ne6 Rd6 21. Ng7 Rd7
22. Nf5 c3 23. bxc3 bxc3 24. Be1 Bb4 25. dxe5 Nf4 26. Qf3 Nfd5 1-0

[Event "Top16 Mulhouse2"]
[Site "Mulhouse"]
[Date "2009.05.02"]
[Round "6.8"]
[White "Dacalor, Aurelie"]
[Black "Stenel, Vincent"]
[Result "1-0"]
[WhiteElo "2038"]
[BlackElo "2103"]
[PlyCount "65"]
[EventDate "2.??.??"]
[WhiteTeam "Lutèce Echecs"]
[BlackTeam "Bois-Colombes"]

1. d4 d5 2. c4 c6 3. Nc3 Nf6 4. Nf3 e6 5. Bg5 Be7 6. e3 a6 7. a4 a5 8. Be2 O-O
9. O-O Nbd7 10. h3 h6 11. Bf4 dxc4 12. Bxc4 Nd5 13. Ba2 N7b6 14. Bb3 Nxc3 15.
bxc3 c5 16. Qd3 Nd7 17. Bc2 g6 18. Rfd1 cxd4 19. cxd4 b6 20. Qb3 Bb7 21. e4 Rc8
22. Rac1 Ba6 23. Qe3 Kg7 24. Bd3 Rxc1 25. Rxc1 Bxd3 26. Qxd3 Bf6 27. Bc7 Nc5
28. Rxc5 bxc5 29. Bxd8 Rxd8 30. e5 Be7 31. Qb5 cxd4 32. Qxa5 Rd5 33. Qd2 1-0

[Event "Top16 Chalons"]
[Site "Chalons en Champagne"]
[Date "2009.05.03"]
[Round "7.8"]
[White "Levacic, Damir"]
[Black "Nicoara, Malina"]
[Result "1-0"]
[WhiteElo "2284"]
[BlackElo "2167"]
[PlyCount "87"]
[EventDate "2009.??.??"]
[WhiteTeam "Cannes"]
[BlackTeam "Strasbourg"]

1. Nf3 Nf6 2. d4 d6 3. Nc3 d5 4. Bg5 Bf5 5. e3 c6 6. Bd3 Bxd3 7. cxd3 e6 8. Qb3
Qb6 9. Qc2 Nbd7 10. O-O Be7 11. a3 a5 12. b4 axb4 13. axb4 Rxa1 14. Rxa1 O-O
15. Rb1 Ra8 16. Na4 Qa7 17. Nc5 Bd6 18. e4 dxe4 19. dxe4 Bxc5 20. bxc5 Qa2 21.
Qxa2 Rxa2 22. h3 Ra7 23. Nd2 e5 24. Be3 exd4 25. Bxd4 Kf8 26. f3 Ra2 27. Be3
Rc2 28. Nb3 Ke8 29. Nd4 Rxc5 30. Rxb7 Kd8 31. Nf5 Rc3 32. Bg5 h6 33. Bxf6+ gxf6
34. Nxh6 Kc8 35. Ra7 Rd3 36. h4 Kb8 37. Ra2 Ne5 38. Nf5 c5 39. h5 Kc7 40. Ne7
Kb7 41. Rb2+ Ka6 42. Nd5 Rd1+ 43. Kf2 Ka5 44. Ra2+ 1-0